000 00661nam a2200229Ia 4500
003 OSt
005 20220925235531.0
006 a|||||r|||| 00| 0
007 ta
008 220923b |||||||| |||| 00| 0 eng d
037 _cGeneral Book
040 _aRTL
_cRTL
_beng
041 _2eng
_aeng
082 _aX:86.2.N8, M7
100 _aGoel B. B.
_9301405
245 0 _aProject management
_b A development perspective
260 _a New Delhi
_bDeep and Deep India
_c1987
300 _a352p. Bibliography chapterwise
_ccm.
650 _aTop Management
942 _hX:86.2.N8, M7
_cGB
_2CC
999 _c597476
_d597476